| 000 | 01315cam a22003737a 4500 | ||
|---|---|---|---|
| 003 | CHAP | ||
| 005 | 20220329133106.0 | ||
| 008 | 971013s1991 r 00010 d | ||
| 010 | _a2039 | ||
| 011 | _a3011 | ||
| 035 | _a2211 | ||
| 040 | _cCHAP | ||
| 090 | _aTesis | ||
| 100 | 0 | 0 |
_aLara Ascencio, Francisco. _964822 |
| 245 | 0 | _aProcesos de producción y adaptación tecnológica en el ejido la Unión, Nacaltepec, Oaxaca | |
| 260 |
_aChapingo, Méx. : _bEl autor, _c1991 |
||
| 300 |
_a163 h. _b: ilus. |
||
| 502 | _aTesis (Ing. Agr. Esp. en Fitotecnia) -- UACH. Departamento de Fitotecnia | ||
| 590 |
_aALEPH _b10 _c20130110 _lUCH01 _h1211 |
||
| 590 |
_aBATCH-UPD _b10 _c20130110 _lUCH01 _h0859 |
||
| 590 |
_aBATCH-UPD _b10 _c20130410 _lUCH01 _h0528 |
||
| 590 |
_aBATCH-UPD _b10 _c20130914 _lUCH01 _h0048 |
||
| 590 |
_aBATCH-UPD _b10 _c20130914 _lUCH01 _h1846 |
||
| 590 |
_aCONVERSION _b10 _c20130109 _lUCH01 _h1302 |
||
| 650 | 1 | 4 |
_aAgricultura _xInnovaciones tecnológicas. _91565 |
| 650 | 1 | 4 |
_aAgricultura _xOaxaca. _91756 |
| 650 | 1 | 4 |
_aDesarrollo de la comunidad rural. _931995 |
| 650 | 1 | 4 |
_aEjido La Unión, Oax. _935929 |
| 650 | 1 | 4 |
_aOaxaca _xCondiciones rurales. _982477 |
| 901 | _aBK | ||
| 942 | _cFOLL | ||
| 949 |
_bBC _cTES _d-11710 _eTS1 _h24289 _i2211 _si |
||
| 949 |
_bBC _cTES _d-138465 _eTS2 _fc.2 _h24121 _i2211 _si |
||
| 999 |
_c2039 _d2039 |
||